000 01752 a2200217 4500
001 38357
005 20260407155647.0
008 260407a2007 arg spa d
003 AR-UNSa-BCEJYS
040 _aAR-UNSa-BCEJYS
_bspa
_cAR-UNSa-BCEJYS
080 _a911.3:33(82)
_xGeografía económica argentina
245 1 0 _aLa Argentina, geografía humana y económica
250 _a14a. ed
264 1 _aBuenos Aires :
_bAlfaomega
_c2007
300 _axviii, 543 p.
_c24 cm.
505 _aParte I: Territorio: 1. Los factores naturales - 2. Regionales naturales - 3. Configuración del espacio político de la Argentina - 4. Isla del Atlántico Sur - 5. La Antártida Argentina - Parte II: Medio ambiente : 6. Problemas ambientales globales - 7. Desarrollo y medio ambiente - Parte III: Recursos humanos: 8. Desarrollo territorial del poblamiento argentino - 9. Estática demográfica - 10. Dinámica demográfica - 11. Aspectos cualitativos de la población y política demográfica - 12. Vivienda - 13. La pobreza enla Argentina - Parte IV: Actividad económica: 14. Indicadores económicos - 15. Fundamentos de la actividad agropecuaria argentina - 16. La tecnología aplicada al agro - 17. Producción agrícola - 18. Producción ganadera.Producción de granja. Animales pilíferos y fauna silvestre - 19. Pesca marítima y fluvial. Caza - 20. Explotación forestal - 21. Minería - 22. Actividad industrial - 23. Energía - 24. Sistema nacional de transporte y comunicaciones - 25. Comercio - 26. Turismo - 27. El MECOSUR y otras asociaciones de países - 28. De la Argentina actual a la Argentina del futuro.
942 _cBK
590 _aniveau_biblio:m niveau_hierar:0
100 1 _aCarlevari, Isidro J.F.
700 1 _aCarlevari, Ricardo D.
999 _c2876
_d2876